BASIC ANATOMY & PHYSIOLOGY (Record no. 94)

MARC details
000 -LEADER
fixed length control field 00533nam a22002177a 4500
003 - CONTROL NUMBER IDENTIFIER
control field OSt
005 - DATE AND TIME OF LATEST TRANSACTION
control field 20140701181219.0
008 - FIXED-LENGTH DATA ELEMENTS--GENERAL INFORMATION
fixed length control field 140701b xxu||||| |||| 00| 0 eng d
020 ## - INTERNATIONAL STANDARD BOOK NUMBER
International Standard Book Number 0719585929
040 ## - CATALOGING SOURCE
Transcribing agency DNLM
082 ## - DEWEY DECIMAL CLASSIFICATION NUMBER
Classification number QS504 R784b 1999
100 ## - MAIN ENTRY--PERSONAL NAME
Personal name Rowett H.G.Q
9 (RLIN) 271
245 ## - TITLE STATEMENT
Title BASIC ANATOMY & PHYSIOLOGY
Statement of responsibility, etc. Rowett H.G.Q
250 ## - EDITION STATEMENT
Edition statement 4th Ed.
260 ## - PUBLICATION, DISTRIBUTION, ETC. (IMPRINT)
Place of publication, distribution, etc. London
300 ## - PHYSICAL DESCRIPTION
Extent 142p
Other physical details Ill.
Dimensions 29.5cm
500 ## - GENERAL NOTE
General note Includes: Index, References
650 ## - SUBJECT ADDED ENTRY--TOPICAL TERM
Topical term or geographic name as entry element Anatomy
9 (RLIN) 124
650 ## - SUBJECT ADDED ENTRY--TOPICAL TERM
Topical term or geographic name as entry element Physiology
9 (RLIN) 215
942 ## - ADDED ENTRY ELEMENTS (KOHA)
Source of classification or shelving scheme Other/Generic Classification Scheme
Koha item type Open Shelf
Holdings
Withdrawn status Lost status Source of classification or shelving scheme Damaged status Not for loan Home library Current library Date acquired Inventory number Total Checkouts Full call number Barcode Date last seen Price effective from Koha item type Source of acquisition Date last checked out
    Other/Generic Classification Scheme     MUST Main Library MUST Main Library 01/07/2014 06/27349   QS504 R784b 1999 2014-0121 01/07/2014 01/07/2014 Open Shelf    
    Other/Generic Classification Scheme     MUST Main Library MUST Main Library 23/05/2016 07/28542 1 QS504 R784b 1999 2016-2077 15/09/2016 23/05/2016 Open Shelf   07/09/2016